Roľníci chcú nielen orať, ale aj žať Byť majiteľom pôdy znamená aj mať majetok?

Zmena vlastníckych vzťahov v poľnohospodárstve. Problémy privatizácie štátnych majetkov hospodáriacich na pôde. Situácia v agrokomplexe. Zníženie štátnych dotácií a dopad na poľnohospodárstvo. Dočasný prenájom majetku. Poľnohospodárska prvovýroba vo vyspelých krajinách.

Saved in:
Bibliographic Details
Main Author: Potančok, Milan
Format: Book Chapter
Language:Slovak
Subjects:
Tags: Add Tag
No Tags, Be the first to tag this record!

MARC

LEADER 00000naa a2200000 4500
001 r024721
005 20221205090958.5
041 0 |a slo 
044 |a SK 
245 1 0 |a Roľníci chcú nielen orať, ale aj žať  |b Byť majiteľom pôdy znamená aj mať majetok?  |c M. Potančok 
520 |a Zmena vlastníckych vzťahov v poľnohospodárstve. Problémy privatizácie štátnych majetkov hospodáriacich na pôde. Situácia v agrokomplexe. Zníženie štátnych dotácií a dopad na poľnohospodárstvo. Dočasný prenájom majetku. Poľnohospodárska prvovýroba vo vyspelých krajinách. 
610 2 0 |a privatizácia 
610 2 0 |a majetky štátne 
610 2 0 |a vlastníctvo družstevné 
610 2 0 |a pôda 
610 2 0 |a vzťahy vlastnícke 
610 2 0 |a agrokomplex 
610 2 0 |a poľnohospodárstvo 
610 2 0 |a dotácie 
610 2 0 |a výroba poľnohospodárska 
100 1 |a Potančok, Milan